| 000 | 00526nam a22001937a 4500 | ||
|---|---|---|---|
| 003 | OSt | ||
| 005 | 20151127151019.0 | ||
| 008 | 151127b xxu||||| |||| 00| 0 eng d | ||
| 020 | _a0333487575 | ||
| 040 | _cDDC. | ||
| 082 | _a371BIS 1989 | ||
| 100 |
_aBishop ,G. _96370 |
||
| 245 | _aAlternative Strategies For Education. | ||
| 260 |
_aLondon; _bMacmillan Education Ltd. _c1989. |
||
| 300 |
_a226p; _bill, _c23cm |
||
| 504 | _aIncludes index ,Bibliography and references. | ||
| 650 |
_aEducation. _91404 |
||
| 942 |
_2ddc _cSLOAN |
||
| 999 |
_c2730 _d2730 |
||